| 000 | 00689cam a2200217 4500 | ||
|---|---|---|---|
| 001 | B836 | ||
| 008 | 090401t1990 xxu||||| |||| 00| 0 eng d | ||
| 035 | _a(Sirsi) u38210 | ||
| 041 | _aeng | ||
| 050 | _a338.181 | ||
| 110 |
_aMinistry of Agriculture _91876 |
||
| 245 | _aMilk quotas : Agriculture Act 1986 : explanatory leaflet on the provisions relating to the end of tenancy compensation for milk quotas in England and Wales | ||
| 250 | _aRevised ed. | ||
| 260 |
_aAlnwick, Northumberland _bMinistry of Agriculture, Fisheries and F _c1990 |
||
| 300 | _a7p. ; 21cm. | ||
| 350 | _a0 | ||
| 490 |
_aMSQ _v2 |
||
| 710 |
_aFisheries and Food _91879 |
||
| 942 | _n0 | ||
| 948 | _c04/03/1997 | ||
| 999 |
_c90624 _d90624 |
||